000 00900cam a2200253 a 4500
001 BD-DhSAU 6413
003 BD-DhSAU
005 20150508143541.0
008 980825s2000 enka b 001 0 eng
020 _a0521799651
040 _aBD-DhSAU
082 0 0 _a572
_222
_bPRA
245 0 0 _aPrinciples and techniques of practical biochemistry /
_cedited by Keith Wilson and John Walker.
250 _a5th ed.
260 _aCambridge :
_aNew York :
_bCambridge University Press ,
_cc2000.
300 _axviii, 784 p. :
_bill. ;
_c26 cm.
504 _aIncludes bibliographical references and index.
590 _aIMRAN
650 0 _aBiochemistry
_xMethodology.
700 1 _aWilson, Keith,
700 1 _aWalker, John M.,
856 4 2 _uhttp://www.loc.gov/catdir/description/cam029/98037214.html
856 4 1 _uhttp://www.loc.gov/catdir/toc/cam026/98037214.html
942 _2ddc
_cBOOK
999 _c6413
_d6413